=LDR 00000nam 2200000 4500 =001 INLIS000000000010541 =005 20130612102206 =008 ***********************************Ind** =035 ##$$a0010-061300000010541 =041 ##$$a Ind =082 ##$$a 342.068 095 98 =090 ##$$a 342.068 095 98, Jat h =100 ##$$a JATMIKA, Sastra =245 ##$$a Hukum Kepegawaian di Indonesia =260 ##$$a 1995 $b Jakarta =300 ##$$a xvi, 365 hlm, 21 cm =650 ##$$a Hukum Kepegawaian - Indonesia =850 ##$$a NBPNMAT =990 ##$$a 21400613/BPAP-NTB/20142014 =990 ##$$a 21400613/BPAP-NTB/20142014 =990 ##$$a 21400613/BPAP-NTB/20142014 =990 ##$$a 21400613/BPAP-NTB/20142014